000
00254nam a22001097a 4500
082
_a
657.42 MIT'C
100
_a
MITCHELL, KENNETH B
_9
73358
245
_a
COST ACCOUNTING AND THE ENGINEER
260
_a
LONDON
_b
ILIFF
_c
1954
300
_a
126P
942
_c
BK
999
_c
579121
_d
579121